000 01128nam a2200265Ia 4500
003 GCL
005 20240530103353.0
008 140319s9999 xx 000 0 ara d
020 _a4025279977
040 _aGCL /
_cGCL
082 0 4 _a301.5\
_bع م
100 1 _aعبدالخالق عبدالله
245 1 0 _aالمجتمع المدنى والتحول الديموقراطى فى الامارات العربية المتحدة /
_cعبدالخالق عبدالله ؛ تقديم سعدالدين ابراهيم
260 _aالقاهرة :
_bدار الامين للنشر والتوزيع ،
_c1995
260 _aالقاهرة :
_bمركز ابن خلدون للدراسات الانمائية ،
_c1995
300 _a199 ص ؛
_c21 سم
490 _aسلسلة دراسات مشروع المجتمع المدنى
_v0
650 0 4 _aالمجتمع العربى
650 0 4 _aالاجتماع، علم
650 0 4 _aالامارات العربية المتحدة
700 1 _aعبدالخالق عبدالله
700 1 _aطه حسين حسن
700 1 _aراشد محمد راشد
942 _2ddc
_cBK
999 _c38883
_d38883